01670nam a2200361 a 4500001001000000003000500010005001700015008004100032010001100073011001100084040000900095090001000104100004000114245017100154260004100325500006000366502010500426590004100531590004000572590004000612590004000652650005900692650005900751650005500810650005500865856007000920901000700990942001000997942000601007999001901013952014001032952013601172000113110CHAP20220329144339.0170425s2016 mx sm |||||||spa d a109571 a110543 cCHAP aTesis1 aRivera Martínez, Gerardo.913199613aEl capital humano y capital social, elementos para el desarrollo territorial en Poytzén Tancanhuitz, San Luis Potosíh[En línea]cpor Gerardo Rivera Martínez. aChapingo, Méx. :bEl autor,c2016. aPara ver el contenido del material haga clic en la liga aTesis (M.C. en Desarrollo Rural Regional ) -- UACH. Dirección de Centros Regionales Universitarios aE11695DGDb10c20170428lUCH01h1143 aE5765TAJb05c20170425lUCH01h0936 aE5765TAJb05c20170425lUCH01h0937 aE5765TAJb05c20170425lUCH01h093714aCapital humanoxDesarrollozSan Luis Potosí.913199714aCapital socialxDesarrollozSan Luis Potosí.913199814aDesarrollo económicozSan Luis Potosí.912926814aDesarrollo sustentablezSan Luis Potosí.9129267 aFinding aiduhttp://10.13.5.2/tesis/sist113110.pdfzTeclea aquí aBK cTESIS n0 c109571d109571 00102local4053708TESISaBCbBCcPA_TESISd2017-04-25fTESISl0oTesisp33724002530751r2019-12-31 00:00:00tc.2w2019-12-31yTESIS 00104054718TESISaBCbBCd2017-04-25fTESISl0oTesisp33724002530793r2019-12-31 00:00:00w2019-12-31yTESISzRecien adquirido